000 00853nam a2200229Ii 4500
003 JO-AjNU
008 230605s9999||||xx |||||||||||||| ||und||
017 _a2022/5/2350
020 _a978-9923-28-159-8
040 _aJO-AjNU
_bara
_erda
_cJO-AjNU
041 _aara
050 1 4 _aSF494.2023
100 3 _aالكسار، علي محمود ,
_eauthor
_964403
245 0 0 _aتغذية الدواجن
250 _aط1
264 3 1 _aعمان: دار الرضوان للنشر والتوزيع، 2022
300 _a330ص
_bيحتوي على جداول وصور واشكال توضيحية
336 _atext
_btxt
_2rdacontent
337 _aunmediated
_bn
_2rdamedia
338 _avolume
_bnc
_2rdacarrier
650 4 _aتغذية الحيوان-فسيولوجيا التغذية-تربية الطيور الداجنة-رعاية الحيوان
_964404
999 _aA29267
_c32835
_d32835